عرض عادي
عرض مارك
- العلاج الديني.
مدخل مصطلح موضوعي
001 - رقم الضبط
- حقل الضبط: 21126
003 - معرف رقم الضبط
- حقل الضبط: OSt
005 - تاريخ ووقت أخر عملية
- حقل الضبط: 20130209133919.0
008 - عناصر بيانات ثابتة الطول
- حقل تحكم ثابت الطول: 130209|||a|||||| | ||| d
040 ## - مصدر الفهرسة
- هيئة الفهرسة الأصلية: OSt
- وكالة الكتابة: OSt
150 ## - مدخل-- مصطلح تاريخي
- عنصر مدخل المصطلح الموضوعي او الاسم الجغرافي: العلاج الديني.
670 ## - بيانات المصدر موجوده
- الاستشهاد بالمصدر: Work cat.: (OSt): أحمد، إبراهيم سليمان 21125, الطب الديني بين الأسطورة والمخبر /, 2012.
